| 000 | 00708nam a22002177a 4500 | ||
|---|---|---|---|
| 999 |
_c14354 _d14354 |
||
| 003 | AR-CdUCM | ||
| 008 | 190422b ||||| |||| 00| 0 spa d | ||
| 020 | _a978-849-982-567-27 | ||
| 040 |
_aMUNICIPALIDAD PROVINCIAL DEL CUSCO _cBIBLIOTECA MUNICIPAL DEL CUSCO |
||
| 082 |
_24ed. _aPI / 376.1 / _bE23 |
||
| 110 |
_aCombel _932671 |
||
| 245 | _aLos animales marinos al dedill / | ||
| 260 |
_aBarcelona : _bCambel, _c2011. |
||
| 300 |
_a12 paginas ; _bIlustraciones, _c23 cm. |
||
| 500 | _aTitulo original :Mes animaux des mers รก toucher | ||
| 650 |
_aAnimales de mar _933095 |
||
| 650 |
_aPescados pulpos _933096 |
||
| 650 |
_aCuentos infantiles _93927 |
||
| 942 |
_2ddc _cLIBROS |
||
| 945 |
_apjha _d2019-04-24 |
||